000 00499nam a2200217Ia 4500
003 0100
008 130303s9999 xx 000 0 und d
020 _a1563381877
040 _cARRUPELIB
050 _aLB1025.3.M664 1997
100 _aMoran, Gabriel
245 _aShowing how
245 _bthe act of teaching
260 _aValley Forge, PE
260 _bTrinity Press International
260 _C1997
300 _av
300 _b 250 p. 22cm.
650 _aEDUCATION
942 0 0 _01
999 _c7960
_d7960